Spatial Analysis with R: (Record no. 44259)

MARC details
003 - CONTROL NUMBER IDENTIFIER
control field 0000
005 - DATE AND TIME OF LATEST TRANSACTION
control field 20260402145205.0
020 ## - INTERNATIONAL STANDARD BOOK NUMBER
International Standard Book Number 9780367532383
040 ## - CATALOGING SOURCE
Description conventions rda
050 ## - LIBRARY OF CONGRESS CALL NUMBER
Classification number GA 102.4
Item number .O93 2021
100 ## - MAIN ENTRY--PERSONAL NAME
Relator code Author
Personal name Oyana, Tonny J.
245 ## - TITLE STATEMENT
Title Spatial Analysis with R:
Remainder of title statistics, visualization, and computational methods from data to information/
Statement of responsibility, etc Tonny J. Oyana
264 ## - PUBLICATION, DISTRIBUTION, ETC. (IMPRINT)
Place of publication, distribution, etc Boca Raton
Name of publisher, distributor, etc CRC Press
Date of publication, distribution, etc 20021
300 ## - PHYSICAL DESCRIPTION
Extent xix,333p.
Other physical details ill.:
336 ## - CONTENT TYPE
Source rdacontent
338 ## - CARRIER TYPE
Source rdacarrier
500 ## - GENERAL NOTE
General note includes Index and references
504 ## - BIBLIOGRAPHY, ETC. NOTE
Bibliography, etc includes Index and references
942 ## - ADDED ENTRY ELEMENTS (KOHA)
Source of classification or shelving scheme Library of Congress Classification
Koha item type Books
Holdings
Withdrawn status Lost status Source of classification or shelving scheme Damaged status Not for loan Permanent Location Current Location Date acquired Total Checkouts Full call number Barcode Date last seen Price effective from Koha item type
    Library of Congress Classification     NILE UNIVERSITY OF NIGERIA - MAIN LIBRARY NILE UNIVERSITY OF NIGERIA - MAIN LIBRARY 04/02/2026   GA 102.4 .O93 2021 0199645 04/02/2026 04/02/2026 Books